Consumer behavior / (Record no. 3064)
| 000 -LEADER | |
|---|---|
| fixed length control field | 01144cam a22003374a 4500 |
| 001 - CONTROL NUMBER | |
| control field | 13995322 |
| 003 - CONTROL NUMBER IDENTIFIER | |
| control field | OSt |
| 005 - DATE AND TIME OF LATEST TRANSACTION | |
| control field | 20160901090607.0 |
| 008 - FIXED-LENGTH DATA ELEMENTS--GENERAL INFORMATION | |
| fixed length control field | 050608s2006 ohua b 001 0 eng |
| 010 ## - LIBRARY OF CONGRESS CONTROL NUMBER | |
| LC control number | 2005933698 |
| 020 ## - INTERNATIONAL STANDARD BOOK NUMBER | |
| International Standard Book Number | 9780733984174 |
| 040 ## - CATALOGING SOURCE | |
| Original cataloging agency | DLC |
| Transcribing agency | DLC |
| Modifying agency | DLC |
| 042 ## - AUTHENTICATION CODE | |
| Authentication code | pcc |
| 050 00 - LIBRARY OF CONGRESS CALL NUMBER | |
| Classification number | HF5415.32.S35 2008 |
| 100 1# - MAIN ENTRY--PERSONAL NAME | |
| Personal name | Schiiffman, Leon |
| 245 10 - TITLE STATEMENT | |
| Title | Consumer behavior / |
| Statement of responsibility, etc | Leon Schiffman...[et. al.] |
| 250 ## - EDITION STATEMENT | |
| Edition statement | 4th ed. |
| 260 ## - PUBLICATION, DISTRIBUTION, ETC. (IMPRINT) | |
| Place of publication, distribution, etc | Australia |
| Name of publisher, distributor, etc | Pearson Education |
| Date of publication, distribution, etc | c2008. |
| 300 ## - PHYSICAL DESCRIPTION | |
| Extent | xix, 664 p. : |
| Other physical details | ill. |
| Dimensions | 25cm |
| 504 ## - BIBLIOGRAPHY, ETC. NOTE | |
| Bibliography, etc | Includes bibliographical references and index. |
| 505 ## - FORMATTED CONTENTS NOTE | |
| Formatted contents note | Introduction to consumer behaviour-- Consumer decision making-- Individual determinants of consumer behavior-- Environmental influences on consumer behavior-- Influences of consumer behavior |
| 650 #0 - SUBJECT ADDED ENTRY--TOPICAL TERM | |
| Topical term or geographic name as entry element | Consumer behavior. |
| 650 #0 - SUBJECT ADDED ENTRY--TOPICAL TERM | |
| Topical term or geographic name as entry element | Marketing research. |
| 700 1# - ADDED ENTRY--PERSONAL NAME | |
| Personal name | Benall, David |
| 700 1# - ADDED ENTRY--PERSONAL NAME | |
| Personal name | Ward, Steven |
| 700 1# - ADDED ENTRY--PERSONAL NAME | |
| Personal name | Aron, O'Cass |
| 700 1# - ADDED ENTRY--PERSONAL NAME | |
| Personal name | Paladfino, Angela |
| 906 ## - LOCAL DATA ELEMENT F, LDF (RLIN) | |
| a | 7 |
| b | cbc |
| c | orignew |
| d | 2 |
| e | epcn |
| f | 20 |
| g | y-gencatlg |
| 942 ## - ADDED ENTRY ELEMENTS (KOHA) | |
| Source of classification or shelving scheme | |
| Koha item type | Book |
| Withdrawn status | Lost status | Source of classification or shelving scheme | Damaged status | Not for loan | Home library | Current library | Shelving location | Date acquired | Total Checkouts | Full call number | Barcode | Date last seen | Date checked out | Copy number | Price effective from | Koha item type |
|---|---|---|---|---|---|---|---|---|---|---|---|---|---|---|---|---|
| Riara University Library | Riara University Library | General stack | 01/09/2016 | 3 | HF5415.32.S35 2008 | 8136/16 | 21/10/2017 | 03/10/2017 | C.1 | 01/09/2016 | Book |
